Structures in Lord of the Rings #2 - Statistics

General Stats
  • This quiz has been taken 9 times
  • The average score is 8 of 12
Answer Stats
Hint Answer % Correct
City destroyed by Smaug Dale
89%
CIty inside the Misty Mountains Moria
78%
The Tower inside Isengard Orthanc
78%
Where the Elves left Middle Earth The Grey Havens
78%
Sauron's fortress before Barad-dur Dol Guldur
67%
Battering ram used to break into Gondor Grond
67%
Former name of Minas Morgul Minas Ithil
67%
Shelob lives at the top, Nazgul live at the bottom Stairs of Cirith Ungol
67%
House in the Old Forest The house of Tom Bombadil
67%
Where Gandalf fell The bridge of Khazad-dum
56%
Town on the edge of the Shire Bree
44%
Where Gollum was in danger of death(not by Orcs) The Forbidden Pool
22%
No matching quizzes found
Score Distribution
Percent of People with Each Score
Percentile by Number Answered
Your Score History
You have not taken this quiz